Największe miasta w województwie warmińsko-mazurskim bez powiatu - Statystyki

Ogólne statystyki
  • Ten quiz został rozwiązany 6 razy
  • Średni wynik to 5 z 10
Statystyki odpowiedzi
liczba ludności miasto % Poprawnych
12 757 Morąg
83%
7165 Olsztynek
67%
11 728 Pasłęk
67%
7377 Barczewo
50%
7182 Lidzbark
50%
10 633 Lubawa
50%
8007 Orneta
50%
9924 Biskupiec
33%
9255 Dobre Miasto
33%
5279 Orzysz
33%
Nie znaleziono quizów pasujących do podanych kryteriów
Rozkład punktacji
Procent ludzi z każdym wynikiem
Percentyl według liczby udzielonych odpowiedzi
Twoja historia wyników
Nie rozwiązałeś tego quizu